| 000 | 00000nam##2200000za#4500 |
| 001 | 9.557442 |
| 003 | CaOODSP |
| 005 | 20241203113633 |
| 007 | cr ||||||||||| |
| 008 | 150406|2000||||xxc|||||o f|0| 0 eng|d |
| 020 | |a0-662-28576-X |
| 040 | |aCaOODSP|beng |
| 043 | |an-cn--- |
| 086 | 1 |aEn40-215/48E-PDF |
| 110 | 1 |aCanada. |bEnvironment Canada. |
| 245 | 10|aAcrolein / |h[electronic resource]|cco-published by Health Canada. |
| 246 | 1 |iAt head of title : |aCanadian Environmental Protection Act, 1999 |
| 260 | |aOttawa - Ontario : |bEnvironment Canada |cMay 2000. |
| 300 | |a62p.|bgraphs, references, tables |
| 490 | 1 |aPriority substances list assessment report |
| 500 | |aThe catalogue number (En40-215/48E) and ISBN (0-662-28575-1) for the print edition have been incorrectly copied in this electronic publication. |
| 590 | |a11-14-Supp|b2011-08-12 |
| 775 | 08|tAcroléine / |w(CaOODSP)9.590720 |
| 776 | 0#|tAcrolein |w(CaOODSP)9.615076 |
| 830 | #0|aPriority substances list assessment report.|w(CaOODSP)9.504442 |
| 856 | 40|ahttp://publications.gc.ca|qPDF|s462 KB|uhttps://publications.gc.ca/collections/Collection/En40-215-48E.pdf |